000 00612nam a22002177a 4500
001 49891
003 UA-OsUOA
005 20211022224328.0
007 ta
008 20071012b un ||||| |||| 00| 0 ukr d
040 _aUA-OsUOA
_bukr
_cUA-OsUOA
_dUA-OsUOA
041 _aukr
080 _a94(47+57)
090 _a94(47+57)
_bИ29
245 _aІдеї Леніна - джерело дружби народів
_bдо 100-річчя з дня народження В. І. Леніна
260 _aЛьвів
_c1970
300 _a154 с.
650 7 _a94 Історія
_2UDC
942 _cBK
_2udc
955 _a0
999 _c335986
_d335986